000 00888nam a22002057a 4500
005 20250820113517.0
010 _aHIN-130233 B-745873
020 _a9788194864974
_c199.00
035 _aB-745873
035 _aHN-102579
037 _bउपहार
082 _a658.84
100 _aगर्ग,आर.के.
_984100
245 _aनेटवर्क मार्केटिंग एक अवसर /
_cआर.के.गर्ग
260 _aनई दिल्ली
_bइम्पटी कैनवास पब्लिशर्स
_c2021
270 _aएपी-119सी, पीतम पुरा
_bनई दिल्ली
_e110034
300 _a104पृ.
_c21सेमी(अजिल्द)
942 _2ddc
_cHN
_h658.84
_mगर्गआर
999 _c192883
_d192883